| 000 -LEADER |
| fixed length control field |
01382cam a2200265 a 4500 |
| 003 - CONTROL NUMBER IDENTIFIER |
| control field |
OSt |
| 005 - DATE AND TIME OF LATEST TRANSACTION |
| control field |
20200317134237.0 |
| 008 - FIXED-LENGTH DATA ELEMENTS--GENERAL INFORMATION |
| fixed length control field |
090625s2010 nhua b 001 0 eng |
| 020 ## - INTERNATIONAL STANDARD BOOK NUMBER |
| International Standard Book Number |
9781584658030 (pbk. : alk. paper) |
| 040 ## - CATALOGING SOURCE |
| Original cataloging agency |
DLC |
| Transcribing agency |
DLC |
| Modifying agency |
BTCTA |
| -- |
C#P |
| -- |
YDXCP |
| -- |
CDX |
| -- |
BWX |
| -- |
DLC |
| 082 00 - DEWEY DECIMAL CLASSIFICATION NUMBER |
| Classification number |
307.760 |
| Edition number |
22 |
| Item number |
COR |
| 100 1# - MAIN ENTRY--PERSONAL NAME |
| Personal name |
Gordon, Eric, |
| Dates associated with a name |
1973- |
| 245 14 - TITLE STATEMENT |
| Title |
The urban spectator : |
| Remainder of title |
American concept cities from Kodak to Google / |
| Statement of responsibility, etc |
Eric Gordon. |
| 246 30 - VARYING FORM OF TITLE |
| Title proper/short title |
American concept cities from Kodak to Google |
| 250 ## - EDITION STATEMENT |
| Edition statement |
1st ed. |
| 260 ## - PUBLICATION, DISTRIBUTION, ETC. (IMPRINT) |
| Place of publication, distribution, etc |
Hanover, NH : |
| Name of publisher, distributor, etc |
Dartmouth College Press : |
| -- |
University Press of New England, |
| Date of publication, distribution, etc |
c2010. |
| 300 ## - PHYSICAL DESCRIPTION |
| Extent |
x, 228 p. : |
| Other physical details |
ill. ; |
| Dimensions |
23 cm. |
| 490 1# - SERIES STATEMENT |
| Series statement |
Interfaces, studies in visual culture |
| 504 ## - BIBLIOGRAPHY, ETC. NOTE |
| Bibliography, etc |
Includes bibliographical references and index. |
| 505 0# - FORMATTED CONTENTS NOTE |
| Formatted contents note |
More than the sum of its parts : the white city and amateur photography -- Picture thinking : Kodaking and the art of nature -- City in motion : early cinema and Times Square -- Scaling up : the "speculative architecture" of 1930s New York -- The operative city : the machine intelligence of urban renewal -- Rerun city : nostalgia and urban narrative -- The database city : the digital possessive and Hollywood Boulevard. |
| 650 #0 - SUBJECT ADDED ENTRY--TOPICAL TERM |
| Topical term or geographic name as entry element |
Sociology, Urban |
| Geographic subdivision |
United States. |
| 650 #0 - SUBJECT ADDED ENTRY--TOPICAL TERM |
| Topical term or geographic name as entry element |
Photography |
| Geographic subdivision |
United States. |
| 830 #0 - SERIES ADDED ENTRY--UNIFORM TITLE |
| Uniform title |
Interfaces, studies in visual culture. |
| 942 ## - ADDED ENTRY ELEMENTS (KOHA) |
| Source of classification or shelving scheme |
|